| 000 | 00897 a2200253 4500 | ||
|---|---|---|---|
| 001 | 39716 | ||
| 005 | 20260407155654.0 | ||
| 008 | 260407a1992 arg spa d | ||
| 003 | AR-UNSa-BCEJYS | ||
| 040 |
_aAR-UNSa-BCEJYS _bspa _cAR-UNSa-BCEJYS |
||
| 080 |
_a911.3 _xGeografía humana. Geografía de los factores culturales |
||
| 245 | 1 | 0 | _aGeografía humana |
| 020 | _a84-376-0741-8 | ||
| 250 | _a2a. ed | ||
| 264 | 1 |
_aMadrid : _bCátedra _c1992 |
|
| 300 |
_a726 p. _c24 cm. |
||
| 505 | _a1. El espacio de la geografía humana - 2. La población - 3. Los espacios rurales - 4. Los espacios urbanos - 5. Los espacios industriales. | ||
| 942 | _cBK | ||
| 590 | _aniveau_biblio:m niveau_hierar:0 | ||
| 100 | 1 | _aPuyol, Rafael | |
| 700 | 1 | _aEstebanez, José | |
| 700 | 1 | _aMéndez, Ricardo | |
| 856 | 4 | 1 |
_uhttps://biblioeco.unsa.edu.ar/pmb/images/libros/L85507.jpg _yImagen de portada _qimage/jpeg |
| 999 |
_c3097 _d3097 |
||